00484 2200193 4500001002100000005001500021008004100036020001800077035001900095041000700114082001700121090001700138100001600155245004000171250000600211260003200217300002000249650002100269INLIS00000000001241020241224114347241224||||||||| | ||| |||| || |  a979-26-2227-6 0010-1224012410 aid0 a297.31 AMR g a297.31 AMR g0 aAmru Khalid00aMengubah Diri Menggapai Kebahagiaan a1 aJakartabZikrul Hakimc2006 a240 hlm.; 23 cm 0aIlmu-ilmu Sosial